Reports by the juries on the subjects in the thirty classes into wich the exhibition was divided. (Record no. 154786)

MARC details
000 -LEADER
campo de control de longitud fija 01202nam a22002535i 4500
001 - NÚMERO DE CONTROL
campo de control 154786
003 - IDENTIFICADOR DE NÚMERO DE CONTROL
campo de control ES-MaACL
005 - FECHA Y HORA DE LA ÚLTIMA TRANSACCIÓN
campo de control 20230906205842.0
008 - DATOS DE LONGITUD FIJA--INFORMACIÓN GENERAL
campo de control de longitud fija 990630s1852 xxk |||| | eng d
040 ## - FUENTE DE CATALOGACIÓN
Centro catalogador/agencia de origen CCPB | B
Lengua de catalogación spa
Centro/agencia transcriptor CCPB | B
111 2# - ENTRADA PRINCIPAL--NOMBRE DE CONGRESO/REUNIÓN
Nombre de congreso/reunión o jurisdicción como elemento de entrada Great Exhibition of the Works of Industry of all Nations (
Fecha del congreso o de la firma del tratado 1851).
Sede del congreso/Lugar de la reunión London)
9 (RLIN) 135161
245 10 - MENCIÓN DEL TÍTULO
Título Reports by the juries on the subjects in the thirty classes into wich the exhibition was divided.
260 ## - PUBLICACIÓN, DISTRIBUCIÓN, ETC.
Lugar de publicación, distribución, etc. London :
Nombre del editor, distribuidor, etc. William Clowes & Sons,
Fecha de publicación, distribución, etc. 1852.
300 ## - DESCRIPCIÓN FÍSICA
Extensión 867, 15 p. ;
Dimensiones 26 cm.
500 ## - NOTA GENERAL
Nota general En port. consta: "Presentation copy"
501 ## - NOTA DE CON
Nota de "Con" Con 15 p. de propaganda editorial.
504 ## - NOTA DE BIBLIOGRAFÍA, ETC.
Nota de bibliografía, etc. Referencias bibliográficas.
504 ## - NOTA DE BIBLIOGRAFÍA, ETC.
Nota de bibliografía, etc. Índice alfabético.
505 8# - NOTA DE CONTENIDO CON FORMATO
Nota de contenido con formato Contiene: The official descriptive and illustrate catalogue of the great exhibition of the works of industry of all nations: 1851
594 ## - Nota al título y mención de responsabilidad
Nota al título y mención de responsabilidad Precede al tít.: "Exhibition of the works of industry of all nations: 1851"
597 ## - NOTA DE DESCRIPCIÓN FÍSICA
NOTA DE DESCRIPCIÓN FÍSICA Texto a dos col.
599 ## - NOTA A LAS ILUSTRACIONES
NOTA A LAS ILUSTRACIONES Esc. xil. en port.
852 ## - LOCALIZACIÓN
Ubicación ES-MaACL
Número de control de estantería G-7140
Nota libre -- Enc. tela roja grabada con hierros, hierros dorados en el lomo y con los cortes dorados
Encuadernación -- T300: Este ejemp. tiene : [6], CXX, 867, 15 p.
Holdings
Estatus retirado Estado de pérdida Estado de daño No para préstamo Colección Biblioteca de origen Biblioteca actual Ubicación en estantería Fecha de adquisición Fuente de adquisición Total de préstamos Signatura topográfica completa Código de barras Visto por última vez Precio de reemplazo Tipo de ítem Koha
        Libros del s. XIX Biblioteca del Ateneo de Madrid Biblioteca del Ateneo de Madrid Depósito 2 17/01/2008     G-7140 1161896 23/02/2023 23/02/2023 Libro impreso antiguo